000 01145nam a2200229 a 4500
001 000111800
003 AM-YEHGA
005 20250617122411.0
008 950720s1986 ru 0 0 ||| u rus
040 _aAM-YeHGA
041 0 _arus
100 1 _aКригер, Николай Иванович
245 1 0 _aЛёсс :
_bФормирование просадочных свойств /
_cН.И. Кригер ; Отв. ред. М.П. Лысенко ; Производственный и научно-исследовательский ин-т по инженерным изысканиям в строительстве.
260 _aМосква :
_bНаука,
_c1986.
300 _a131,[1] с. :
_c22 см.
_c.
500 _aБиблиогр.: с. 119-130 (308 назв.)
650 1 4 _aЛёссовые породы - Просадка
700 1 _aЛысенко, М.П.
_eред.
_4edt
710 2 _aПроизводственный и научно-исследовательский ин-т по инженерным изысканиям в строительстве Госстроя СССР
942 _2udc
_cBK
090 _c37045
999 _c36485
_d36485